Diplomatically speaking

Wedi'i Gadw mewn:
Manylion Llyfryddiaeth
Prif Awdur: Griscom, Lloyd Carpenter
Fformat: Llyfr
Iaith:Undetermined
Cyhoeddwyd: Boston Little, Brown and Company 1940
Pynciau:
Tagiau: Ychwanegu Tag
Dim Tagiau, Byddwch y cyntaf i dagio'r cofnod hwn!
Thư viện lưu trữ: Trung tâm Học liệu Trường Đại học Cần Thơ
LEADER 00517nam a2200193Ia 4500
001 CTU_88708
008 210402s9999 xx 000 0 und d
082 |a 923.273 
082 |b G869 
100 |a Griscom, Lloyd Carpenter 
245 0 |a Diplomatically speaking 
245 0 |c Lloyd C. Griscom 
260 |a Boston 
260 |b Little, Brown and Company 
260 |c 1940 
650 |a Diplomats 
650 |x Correspondence 
904 |i Bằng,Hải 
980 |a Trung tâm Học liệu Trường Đại học Cần Thơ